Diccionario de directores del Western / (Registro nro. 229545)
[ vista simple ]
| 000 -LEADER | |
|---|---|
| fixed length control field | 01195nam a2200361Ii 4500 |
| 001 - CONTROL NUMBER | |
| control field | DIGT&B0043 |
| 003 - CONTROL NUMBER IDENTIFIER | |
| control field | NyNyDIG |
| 006 - FIXED-LENGTH DATA ELEMENTS--ADDITIONAL MATERIAL CHARACTERISTICS | |
| fixed length control field | m o d |
| 007 - PHYSICAL DESCRIPTION FIXED FIELD--GENERAL INFORMATION | |
| fixed length control field | cr ||||||||||| |
| 008 - FIXED-LENGTH DATA ELEMENTS--GENERAL INFORMATION | |
| fixed length control field | 121001s2007 sp a o 000 0 spa d |
| 020 ## - INTERNATIONAL STANDARD BOOK NUMBER | |
| Canceled/invalid ISBN | 1441667288 |
| 020 ## - INTERNATIONAL STANDARD BOOK NUMBER | |
| Canceled/invalid ISBN | 9781441667281 |
| 035 ## - SYSTEM CONTROL NUMBER | |
| System control number | (OCoLC)656424370 |
| 040 ## - CATALOGING SOURCE | |
| Original cataloging agency | DGITA |
| Language of cataloging | eng |
| Description conventions | pn |
| Transcribing agency | DGITA |
| 050 14 - LIBRARY OF CONGRESS CALL NUMBER | |
| Classification number | PN1998.2 eBook |
| 100 1# - MAIN ENTRY--PERSONAL NAME | |
| Personal name | Castillo, Vicente del. |
| 245 10 - TITLE STATEMENT | |
| Title | Diccionario de directores del Western / |
| Statement of responsibility, etc. | Vicente del Castillo. |
| 250 ## - EDITION STATEMENT | |
| Edition statement | 1a ed. |
| 264 #1 - PRODUCTION, PUBLICATION, DISTRIBUTION, MANUFACTURE, AND COPYRIGHT NOTICE | |
| Place of production, publication, distribution, manufacture | Madrid : |
| Name of producer, publisher, distributor, manufacturer | T&B Editores, |
| Date of production, publication, distribution, manufacture, or copyright notice | 2007. |
| 300 ## - PHYSICAL DESCRIPTION | |
| Extent | 1 online resource (194 p. ) |
| 336 ## - CONTENT TYPE | |
| Content type term | text |
| Content type code | txt |
| Source | rdacontent |
| 337 ## - MEDIA TYPE | |
| Media type term | computer |
| Media type code | c |
| Source | rdamedia |
| 338 ## - CARRIER TYPE | |
| Carrier type term | online resource |
| Carrier type code | cr |
| Source | rdacarrier |
| 504 ## - BIBLIOGRAPHY, ETC. NOTE | |
| Bibliography, etc. note | Includes bibliographical references (p. 193-[195]). |
| 650 #0 - SUBJECT ADDED ENTRY--TOPICAL TERM | |
| Topical term or geographic name entry element | Motion picture producers and directors |
| Form subdivision | Dictionaries |
| 650 #0 - SUBJECT ADDED ENTRY--TOPICAL TERM | |
| Topical term or geographic name entry element | Western films |
| Form subdivision | Dictionaries |
| 655 #0 - INDEX TERM--GENRE/FORM | |
| Genre/form data or focus term | Electronic books. |
| 791 2# - | |
| -- | Digitalia (Firm), |
| -- | distributor. |
| 793 0# - | |
| -- | Digitalia eBook Collection: |
| -- | T&B Editores |
| 856 40 - ELECTRONIC LOCATION AND ACCESS | |
| Materials specified | Digitalia Hispánica |
| Uniform Resource Identifier | <a href="https://www.digitaliapublishing.com/a/478/">https://www.digitaliapublishing.com/a/478/</a> |
| 910 ## - USER-OPTION DATA (OCLC) | |
| User-option data | Premium Collection: 2007-2012 |
| 942 ## - ADDED ENTRY ELEMENTS (KOHA) | |
| Koha item type | Recurso Electrónico |
| Withdrawn status | Lost status | Damaged status | Not for loan | Collection | Home library | Current library | Date acquired | Total checkouts | Date last seen | Price effective from | Koha item type |
|---|---|---|---|---|---|---|---|---|---|---|---|
| Digitalia Ebooks Hispanica | Biblioteca Digital UIN | Biblioteca Digital UIN | 04/25/2025 | 04/25/2025 | 04/25/2025 | Recurso Electrónico |